Statistics for Countries Christopher Columbus visited

Click here to take the quiz!

General Stats

  • This quiz has been taken 40 times
  • The average score is 19 of 20

Answer Stats

Continent Country % Correct
EuropeItaly
100%
EuropeSpain
100%
EuropePortugal
100%
North AmericaHaiti
97%
North AmericaMexico
97%
North Americathe Bahamas
94%
North AmericaUnited States of America
94%
EuropeUnited Kingdom
94%
North AmericaNicaragua
94%
South AmericaVenezuela
94%
North AmericaCosta Rica
94%
EuropeFrance
94%
North AmericaDominica
94%
North AmericaHonduras
91%
North AmericaPanama
91%
North AmericaDominican Republic
91%
North AmericaCuba
91%
North AmericaJamaica
91%
North AmericaTrinidad and Tobago
88%
North AmericaGrenada
85%

Score Distribution

Percentile by Number Answered

Percent of People with Each Score

Your Score History

You have not taken this quiz